000 01001nam a2200241 a 4500
001 000005679
005 20250621074004.0
008 090821s2005 dr a r 000 0 spa d
040 _aDO-SdBNP
_bspa
_cBNPHU
082 _a352.363
_bS471d
111 1 _aSeminario internacional ¨Coordinación y eficacia gubernamental: elementos básicos del buen gobierno"
_d(2003 ago. :
_cSanto Domingo, República Dominicana)
_916046
245 1 0 _aDiálogo por la reforma.
260 _aSanto Domingo :
_bPARME,
_c2005.
300 _a178 p. :
_bil. ;
_c22 cm.
490 1 _aDiálogo por la reforma
_v1
590 _aInventariado, 2018/BT
650 4 _aReforma del estado
_zRepública Dominicana
_99500
651 4 _aRepública Dominicana
_xAdministración Pública
_9657
651 0 _aRepública Dominicana
_xPolítica y gobierno
_945
710 2 _aPrograma de Apoyo a la Reforma y Modernización del Estado (PARME)
_916047
830 0 _aDiálogo por la reforma
_n1
_916048
910 _aValidado. Control de calidad. EMS
999 _c5476
_d5476